000 01169 a2200241 4500
001 59305
005 20260407155847.0
008 260407a2020 arg spa d
003 AR-UNSa-BCEJYS
040 _aAR-UNSa-BCEJYS
_bspa
_cAR-UNSa-BCEJYS
080 _a657
_xContabilidad
245 1 0 _aContabilidad básica
_pinicio de lecturas
020 _a978-987-716-120-5
264 1 _aBuenos Aires :
_bOsmar D. Buyatti
_c2020
300 _a367 p.
_c22 cm.
505 _a1. El marco general de la contabilidad – 2. Fundamentos de la contabilidad patrimonial – 3. Efecto de las operaciones – 4. El proceso contable – 5. Caja y bancos – 6. Créditos – 7. Bienes de cambio (inventarios) – 8. Bienes uso (propiedades, planta y equipo) – 9. Activos intangibles – 10. Inversiones y propiedades de inversión – 11. Deudas – 12. Previsiones – 13. Patrimonio neto – 14. Culminación del proceso contable
041 _aspa
942 _cBK
590 _aniveau_biblio:m niveau_hierar:0
100 1 _aSimaro, Jorge D.
700 1 _aTonelli, Omar E.
856 4 1 _uhttps://biblioeco.unsa.edu.ar/pmb/images/libros/L129056.jpg
_yImagen de portada
_qimage/jpeg
999 _c6641
_d6641